02633cam a22003858i 45000010009000000050017000090080041000260100017000670200030000840200031001140200031001450200026001760350013002020400023002150420008002380430012002460500022002580820021002801000022003012450069003232630009003922640052004013000017004533360026004703370028004963380027005245040051005515201402006026500017020047000038020219060045020599420015021049520111021199990017022302216618820260520131447.0210805s2022 enk b 001 0 eng  a 2021037237 a9780367225285q(hardback) a9781032106649q(paperback) z9781000457353q(adobe pdf) z9781000457377q(epub) a22166188 aDLCbengerdacDLC apcc aa------00aBP63.A1bR68 202200a297.095223bFOR aFormichi, Chiara,00aRoutledge handbook on Islam in Asia cedited by Chiara Formichi. a2110 1aAbingdon, Oxon ;aNew York :bRoutledge,c2022. a369 Pages cm atextbtxt2rdacontent aunmediatedbn2rdamedia avolumebnc2rdacarrier aIncludes bibliographical references and index. a"The Routledge Handbook of Islam in Asia offers both new and established scholarship on Muslim societies and religious practices across Asia, from a variety of interdisciplinary angles, with chapters covering South, Central, East and Southeast Asia, as well as Africa-Asia connections. Presenting work grounded in archival, literary, and ethnographic inquiry, contributors to this handbook lend their expertise to paint a picture of Islam as deeply connected to and influenced by Asia, often by-passing or reversing relationships of power and authority that have placed 'Arab' Islam in a hierarchically superior position vis-à-vis Asia. This handbook is structured in four parts, each representing an emergent area of inquiry: Frames Authority and Authorizing Practices Muslim Spatialities Imaginations of Piety Dislodging ingrained assumptions that Asia is at the periphery of Islam - and that Islam is at the periphery of Asia's cultural matrix - this handbook sets an agenda against the 'centre-periphery' dichotomy, as well as the syncretism paradigm that has dominated conversations on Islam in Asia. It thus demonstrates possibilities for new scholarly approaches to the study of Islam within the 'Asian context'. This ground-breaking handbook is a valuable resource to students and scholars of Asian studies, religious studies, and cultural studies more broadly"--cProvided by publisher. 0aIslamzAsia.1 aFormichi, Chiara,d1982-eeditor. a7bcbccorignewd1eecipf20gy-gencatlg 2ddccBKn0 00102ddc4070aHMIbHMIcGENd2026-05-20eDirectorl0o297.095 FORp11004965r2026-05-20w2026-05-20yBK c23729d23729